[Event "Liga Madrileña 2010/2011 - D. Honor"]
[Site "Madrid ESP"]
[Date "2010.11.28"]
[Round "2.34"]
[White "Solaesa Navalpotro, Luis Julio"]
[Black "Nieto de la Cruz, Julio"]
[Result "0-1"]
[WhiteElo "2251"]
[BlackElo "2135"]
[PlyCount "60"]
[EventDate "2010.11.21"]
[EventType "team"]
[EventRounds "14"]
[EventCountry "ESP"]
[Source "lmi"]
[SourceDate "2010.11.21"]
[WhiteTeam "Moratalaz"]
[BlackTeam "Pueblo Nuevo"]
[WhiteTeamCountry "ESP"]
[BlackTeamCountry "ESP"]

1. d4 Nf6 2. c4 c5 3. d5 b5 4. cxb5 a6 5. bxa6 g6 6. Nc3 Bxa6 7. Nf3 d6 8. g3
Bg7 9. Bg2 Nbd7 10. Rb1 Nb6 11. b3 O-O 12. O-O Qc7 13. a4 Rfc8 14. Re1 Rab8 15.
e4 Nbd7 16. h3 Rb4 17. Ba3 Rb7 18. Qc2 Qa5 19. Rec1 Rcb8 20. Bf1 Ne8 21. Nb5
Bxb5 22. Bxb5 Rxb5 23. axb5 Qxa3 24. Nd2 Rxb5 25. Nc4 Qa8 26. Qd3 Rb4 27. Qe2
Nc7 28. Qd3 Nb5 29. Qd2 Nd4 30. Qd3 Qa2 0-1

[Event "Liga Madrileña 2010/2011 - D. Honor"]
[Site "Madrid ESP"]
[Date "2010.11.28"]
[Round "2.35"]
[White "Fernandez Lledo, Javier"]
[Black "Sanchez Rojo, Gustavo"]
[Result "0-1"]
[WhiteElo "2138"]
[BlackElo "2201"]
[PlyCount "62"]
[EventDate "2010.11.21"]
[EventType "team"]
[EventRounds "14"]
[EventCountry "ESP"]
[Source "lmi"]
[SourceDate "2010.11.21"]
[WhiteTeam "Pueblo Nuevo"]
[BlackTeam "Moratalaz"]
[WhiteTeamCountry "ESP"]
[BlackTeamCountry "ESP"]

1. e4 e6 2. d4 d5 3. Nd2 Nf6 4. e5 Nfd7 5. f4 c5 6. c3 Nc6 7. Ndf3 Be7 8. Bd3
g6 9. Ne2 cxd4 10. cxd4 Nb6 11. a3 Bd7 12. h3 h5 13. Qc2 Rc8 14. Qb1 h4 15.
Bxg6 fxg6 16. Qxg6+ Kf8 17. f5 exf5 18. Bh6+ Rxh6 19. Qxh6+ Kg8 20. e6 Be8 21.
g3 Bf8 22. Qf4 Qf6 23. g4 Bg6 24. Rg1 Bg7 25. Rd1 Qxe6 26. Nxh4 Re8 27. Rg2
fxg4 28. Qxg4 Qxg4 29. hxg4 Bc2 30. Rd2 Be4 31. Rf2 Nc4 0-1

[Event "Liga Madrileña 2010/2011 - D. Honor"]
[Site "Madrid ESP"]
[Date "2010.11.28"]
[Round "2.36"]
[White "Arauz Alonso, Fernando"]
[Black "Sotnikov, Taras"]
[Result "1/2-1/2"]
[WhiteElo "2090"]
[BlackElo "2059"]
[PlyCount "132"]
[EventDate "2010.11.21"]
[EventType "team"]
[EventRounds "14"]
[EventCountry "ESP"]
[Source "lmi"]
[SourceDate "2010.11.21"]
[WhiteTeam "Moratalaz"]
[BlackTeam "Pueblo Nuevo"]
[WhiteTeamCountry "ESP"]
[BlackTeamCountry "ESP"]

1. Nf3 f5 2. d4 Nf6 3. e3 g6 4. Nbd2 Bg7 5. Bc4 Nc6 6. a3 e6 7. b4 O-O 8. Bb2
Kh8 9. Ba2 Qe8 10. c4 d6 11. Qc2 e5 12. dxe5 Nxe5 13. O-O Bd7 14. c5 Bb5 15.
Nxe5 Bxf1 16. Nf7+ Rxf7 17. Bxf7 Qxf7 18. Rxf1 dxc5 19. Qxc5 c6 20. Nf3 Nd5 21.
Bxg7+ Kxg7 22. Rd1 a6 23. h3 Re8 24. g3 Qe7 25. Qd4+ Qf6 26. Kg2 Rd8 27. Qxf6+
Kxf6 28. Nd4 Nc3 29. Rc1 Nb5 30. Nxb5 axb5 31. Rc3 Rd2 32. Kf3 Ke5 33. g4 Kd6
34. gxf5 gxf5 35. Rc5 Rd5 36. Rc3 b6 37. Kf4 c5 38. f3 h6 39. e4 fxe4 40. fxe4
Rh5 41. Rg3 Rh4+ 42. Kf5 Rh5+ 43. Kf4 Rh4+ 44. Kf5 Rh5+ 45. Kf6 c4 46. Re3 Re5
47. h4 Re6+ 48. Kf5 Re5+ 49. Kf4 Re6 50. e5+ Ke7 51. Ke4 Rc6 52. Kd4 Rc8 53. h5
Rd8+ 54. Ke4 Rc8 55. Kd4 Rd8+ 56. Ke4 Rc8 57. Re2 c3 58. Rc2 Ke6 59. Kd3 Kxe5
60. Re2+ Kf5 61. Kc2 Rc6 62. Rg2 Ke5 63. Rg8 Kf5 64. Rg2 Ke5 65. Rg8 Kf5 66.
Rg2 Ke5 1/2-1/2

[Event "Liga Madrileña 2010/2011 - D. Honor"]
[Site "Madrid ESP"]
[Date "2010.11.28"]
[Round "2.41"]
[White "Candela Perez, Jose"]
[Black "Herraiz Hidalgo, Herminio"]
[Result "1/2-1/2"]
[WhiteElo "2399"]
[BlackElo "2494"]
[PlyCount "96"]
[EventDate "2010.11.21"]
[EventType "team"]
[EventRounds "14"]
[EventCountry "ESP"]
[Source "lmi"]
[SourceDate "2010.11.21"]
[WhiteTeam "Leganes"]
[BlackTeam "Vallecas CDV"]
[WhiteTeamCountry "ESP"]
[BlackTeamCountry "ESP"]

1. d4 Nf6 2. c4 g6 3. Nc3 Bg7 4. e4 d6 5. Nf3 O-O 6. Be2 e5 7. dxe5 dxe5 8.
Qxd8 Rxd8 9. Bg5 Re8 10. O-O-O h6 11. Be3 Na6 12. Nd2 Ng4 13. Bxg4 Bxg4 14. f3
Be6 15. a3 c6 16. b4 Nc7 17. Kb2 Red8 18. Rc1 Rd3 19. Rhe1 a5 20. bxa5 Rxa5 21.
Nb3 Ra8 22. Bb6 Na6 23. Na5 Bf8 24. Kc2 Rd4 25. Bxd4 exd4 26. Nb1 d3+ 27. Kc3
Nc5 28. Nb3 Nxb3 29. Kxb3 b5 30. e5 Rb8 31. Nd2 bxc4+ 32. Kc3 Bxa3 33. Rb1 Rb5
34. Nxc4 Rc5 35. Re4 d2 36. Rd1 Bc1 37. Rd4 Bxc4 38. Rxc4 Rxe5 39. Rxc6 Re2 40.
g4 Re3+ 41. Kc2 Rxf3 42. Rc3 Rf2 43. h3 Kg7 44. Rh1 Re2 45. Kd1 Rf2 46. Rd3 Kf6
47. Rd5 Ke6 48. Rb5 Rf4 1/2-1/2

[Event "Liga Madrileña 2010/2011 - D. Honor"]
[Site "Madrid ESP"]
[Date "2010.11.28"]
[Round "2.43"]
[White "Reyes Larenas, Juan"]
[Black "Pastor Alonso de Prado, Alberto"]
[Result "1-0"]
[WhiteElo "2435"]
[BlackElo "2176"]
[PlyCount "59"]
[EventDate "2010.11.21"]
[EventType "team"]
[EventRounds "14"]
[EventCountry "ESP"]
[Source "lmi"]
[SourceDate "2010.11.21"]
[WhiteTeam "Leganes"]
[BlackTeam "Vallecas CDV"]
[WhiteTeamCountry "ESP"]
[BlackTeamCountry "ESP"]

1. e4 e5 2. Nf3 Nc6 3. Bb5 Nf6 4. d3 Bc5 5. O-O Nd4 6. Nxd4 Bxd4 7. Nd2 Qe7 8.
c3 Bb6 9. Nc4 O-O 10. Bg5 h6 11. Bh4 g5 12. Bg3 d6 13. Ba4 Kg7 14. Bc2 Bg4 15.
Qd2 Nh5 16. d4 exd4 17. Nxb6 axb6 18. Qxd4+ f6 19. e5 Qd7 20. exd6 Rae8 21. Qd3
f5 22. dxc7 Qxd3 23. Bxd3 f4 24. f3 Bf5 25. Bxf5 Rxf5 26. Bf2 Rc8 27. Bxb6 Rb5
28. Bd4+ Kf7 29. c4 Rb4 30. b3 1-0

[Event "Liga Madrileña 2010/2011 - D. Honor"]
[Site "Madrid ESP"]
[Date "2010.11.28"]
[Round "2.44"]
[White "Montañes Arribas, Adrian"]
[Black "Arribas Lopez, Angel"]
[Result "1-0"]
[WhiteElo "2147"]
[BlackElo "2439"]
[PlyCount "58"]
[EventDate "2010.11.21"]
[EventType "team"]
[EventRounds "14"]
[EventCountry "ESP"]
[Source "lmi"]
[SourceDate "2010.11.21"]
[WhiteTeam "Vallecas CDV"]
[BlackTeam "Leganes"]
[WhiteTeamCountry "ESP"]
[BlackTeamCountry "ESP"]

1. e4 c5 2. Nf3 d6 3. d4 cxd4 4. Nxd4 Nf6 5. Nc3 e6 6. g4 a6 7. g5 Nfd7 8. h4
b5 9. a3 Bb7 10. Be3 Nc6 11. h5 Rc8 12. Nxc6 Rxc6 13. Qd2 Ne5 14. Be2 Qa5 15.
Bd4 Nc4 16. Bxc4 Rxc4 17. O-O-O b4 18. Nd5 exd5 19. exd5 Bxd5 20. Rhe1+ Be6 21.
Bxg7 Bxg7 22. Qxd6 Qxg5+ 23. Kb1 Qe7 24. Qxa6 Rd4 25. Rxd4 Bxd4 26. Qb5+ Qd7
27. Qb8+ Ke7 28. Qxb4+ Qd6 29. Qb7+ Kf6 1-0

[Event "Liga Madrileña 2010/2011 - D. Honor"]
[Site "Madrid ESP"]
[Date "2010.11.28"]
[Round "2.45"]
[White "Prieto Martin, Alfonso"]
[Black "Martin Duque, Jesus"]
[Result "1/2-1/2"]
[WhiteElo "2173"]
[BlackElo "2115"]
[PlyCount "103"]
[EventDate "2010.11.21"]
[EventType "team"]
[EventRounds "14"]
[EventCountry "ESP"]
[Source "lmi"]
[SourceDate "2010.11.21"]
[WhiteTeam "Leganes"]
[BlackTeam "Vallecas CDV"]
[WhiteTeamCountry "ESP"]
[BlackTeamCountry "ESP"]

1. e4 c5 2. c3 e6 3. d4 d5 4. exd5 exd5 5. Nf3 Nf6 6. Bg5 Be7 7. Nbd2 O-O 8.
Bd3 Bg4 9. dxc5 Nbd7 10. b4 Ne4 11. Bxe7 Qxe7 12. O-O Nxd2 13. Qxd2 Bxf3 14.
gxf3 Ne5 15. Be2 Qf6 16. Kh1 Rfe8 17. Qd4 Qf5 18. Rg1 Ng6 19. Bd1 Re5 20. Qg4
Qd3 21. Qd4 Qf5 22. Qg4 Qf6 23. Bb3 h5 24. Qg3 Nf4 25. Rae1 Rae8 26. Rxe5 Rxe5
27. Bd1 g6 28. a4 h4 29. Qg4 Ne6 30. Qh3 Kg7 31. Rg4 Nf4 32. Qf1 Qe6 33. Rg1 h3
34. b5 Ng2 35. Qd3 Re1 36. Bb3 Rxg1+ 37. Kxg1 Nf4 38. Qf1 Qe5 39. c4 dxc4 40.
Bxc4 Qxc5 41. Kh1 Qa3 42. Qd1 Qc3 43. Bf1 b6 44. Kg1 Qb2 45. Qe1 g5 46. Qe4 Qa1
47. Qe3 Qxa4 48. Qe5+ Kg6 49. Qd6+ Kg7 50. Qe5+ Kg6 51. Qd6+ Kg7 52. Qe5+
1/2-1/2

[Event "Liga Madrileña 2010/2011 - D. Honor"]
[Site "Madrid ESP"]
[Date "2010.11.28"]
[Round "2.46"]
[White "Muñoz Sanchez, Daniel"]
[Black "Davicce Cañada, Juan Antonio"]
[Result "1-0"]
[WhiteElo "1976"]
[BlackElo "2097"]
[PlyCount "91"]
[EventDate "2010.11.21"]
[EventType "team"]
[EventRounds "14"]
[EventCountry "ESP"]
[Source "lmi"]
[SourceDate "2010.11.21"]
[WhiteTeam "Vallecas CDV"]
[BlackTeam "Leganes"]
[WhiteTeamCountry "ESP"]
[BlackTeamCountry "ESP"]

1. e4 c6 2. d4 d5 3. exd5 cxd5 4. Bd3 Nc6 5. c3 Nf6 6. Bf4 Bg4 7. Qb3 Qd7 8.
Nd2 e6 9. Ngf3 Bxf3 10. Nxf3 Bd6 11. Bg3 O-O 12. O-O Bxg3 13. hxg3 Rab8 14.
Rae1 Qd6 15. Qd1 b5 16. g4 b4 17. Ne5 Nd7 18. Nxd7 Qxd7 19. Re3 bxc3 20. bxc3
g6 21. g5 Rb2 22. Qc1 Rfb8 23. a4 R2b6 24. Rfe1 Qc7 25. Rh3 Re8 26. f4 Rbb8 27.
Qe3 Qd8 28. Qg3 f5 29. Bb5 Rc8 30. Qh4 Qd7 31. Rhe3 Re7 32. R1e2 Qd6 33. Qe1
Nd8 34. g3 Kf7 35. Rf2 Nc6 36. g4 Na5 37. gxf5 exf5 38. Rh2 Rh8 39. Rhe2 Rxe3
40. Rxe3 Rc8 41. Be8+ Kg8 42. Re7 Rc7 43. Rxc7 Qxc7 44. Qe6+ Kh8 45. Bf7 Qd8
46. Qe5+ 1-0

[Event "Liga Madrileña 2010/2011 - D. Honor"]
[Site "Madrid ESP"]
[Date "2010.12.12"]
[Round "3.11"]
[White "Hernandez Gallardo, Francisco Javier"]
[Black "Almagro Llamas, Pablo"]
[Result "1/2-1/2"]
[WhiteElo "2330"]
[BlackElo "2472"]
[PlyCount "91"]
[EventDate "2010.11.21"]
[EventType "team"]
[EventRounds "14"]
[EventCountry "ESP"]
[Source "lmi"]
[SourceDate "2010.11.21"]
[WhiteTeam "Moratalaz"]
[BlackTeam "Virgen de Atocha"]
[WhiteTeamCountry "ESP"]
[BlackTeamCountry "ESP"]

1. e4 c6 2. d4 d5 3. Nc3 dxe4 4. Nxe4 Bf5 5. Ng3 Bg6 6. h4 h6 7. Nf3 Nd7 8. h5
Bh7 9. Bd3 Bxd3 10. Qxd3 e6 11. Bf4 Qa5+ 12. Bd2 Bb4 13. c3 Be7 14. c4 Bb4 15.
O-O Bxd2 16. Nxd2 Ngf6 17. c5 O-O 18. Nc4 Qc7 19. f4 b6 20. b4 Nd5 21. Qd2 a5
22. cxb6 N7xb6 23. Nxa5 Nxb4 24. Nb3 N4d5 25. Ne4 Ra3 26. Rac1 Rfa8 27. Rc2 Qe7
28. Nec5 Qh4 29. Nd3 Qxh5 30. Ne5 Qf5 31. Nxc6 Kh8 32. Rf2 Qe4 33. Ne5 f6 34.
Re2 Qf5 35. Nd3 R3a4 36. Ndc5 Nc4 37. Qc1 Nce3 38. Nxa4 Nxc2 39. Qxc2 Qxc2 40.
Rxc2 Rxa4 41. Nc5 Rxd4 42. Nxe6 Rd1+ 43. Kh2 Ne3 44. Rc7 g5 45. fxg5 hxg5 46.
Rc3 1/2-1/2

[Event "Liga Madrileña 2010/2011 - D. Honor"]
[Site "Madrid ESP"]
[Date "2010.12.12"]
[Round "3.12"]
[White "Anton Guijarro, David"]
[Black "Serrano Salvador, Eduardo"]
[Result "1-0"]
[WhiteElo "2421"]
[BlackElo "2359"]
[PlyCount "93"]
[EventDate "2010.11.21"]
[EventType "team"]
[EventRounds "14"]
[EventCountry "ESP"]
[Source "lmi"]
[SourceDate "2010.11.21"]
[WhiteTeam "Virgen de Atocha"]
[BlackTeam "Moratalaz"]
[WhiteTeamCountry "ESP"]
[BlackTeamCountry "ESP"]

1. Nf3 Nf6 2. c4 Nc6 3. d4 e6 4. a3 d6 5. Nc3 g6 6. e4 Bg7 7. Be2 O-O 8. Be3
Re8 9. O-O e5 10. dxe5 dxe5 11. Qxd8 Rxd8 12. Nd5 Ne8 13. Bg5 f6 14. Be3 Bg4
15. Rfd1 Bxf3 16. Bxf3 Nd4 17. Bxd4 exd4 18. c5 c6 19. Nf4 Nc7 20. Be2 Bf8 21.
b4 b6 22. Nd3 Ne6 23. Rac1 bxc5 24. bxc5 Bh6 25. Rc4 a5 26. g3 Rab8 27. Bf3 Rb3
28. Ra4 Nxc5 29. Nxc5 Rxf3 30. Raxd4 Rxd4 31. Rxd4 Rxa3 32. Rd8+ Kf7 33. Rd7+
Ke8 34. Rxh7 Bd2 35. Ra7 Bb4 36. Ne6 c5 37. Rc7 Rc3 38. Ng7+ Kf8 39. Ne6+ Ke8
40. Ng7+ Kf8 41. Ne6+ Kg8 42. Nf4 a4 43. Nd5 Rc1+ 44. Kg2 a3 45. Nxf6+ Kf8 46.
e5 a2 47. e6 1-0

[Event "Liga Madrileña 2010/2011 - D. Honor"]
[Site "Madrid ESP"]
[Date "2010.12.12"]
[Round "3.13"]
[White "Ramirez Garcia, Jorge Alberto"]
[Black "Rubio Mejia, Luis"]
[Result "1/2-1/2"]
[WhiteElo "2255"]
[BlackElo "2409"]
[PlyCount "47"]
[EventDate "2010.11.21"]
[EventType "team"]
[EventRounds "14"]
[EventCountry "ESP"]
[Source "lmi"]
[SourceDate "2010.11.21"]
[WhiteTeam "Moratalaz"]
[BlackTeam "Virgen de Atocha"]
[WhiteTeamCountry "ESP"]
[BlackTeamCountry "ESP"]

1. e4 c5 2. c3 Nf6 3. e5 Nd5 4. Nf3 e6 5. g3 d6 6. exd6 Bxd6 7. d4 O-O 8. Bg2
Nc6 9. O-O cxd4 10. Nxd4 Nxd4 11. Qxd4 Qc7 12. Nd2 Bd7 13. Re1 Bc6 14. Nc4 Be7
15. Qe5 Rac8 16. Qxc7 Rxc7 17. Ne5 Bf6 18. Nxc6 bxc6 19. c4 Nb6 20. Bf1 c5 21.
Rb1 Rd7 22. Be2 Bd4 23. b3 e5 24. Kg2 1/2-1/2

[Event "Liga Madrileña 2010/2011 - D. Honor"]
[Site "Madrid ESP"]
[Date "2010.12.12"]
[Round "3.14"]
[White "Rudolf, Anna"]
[Black "Solaesa Navalpotro, Luis Julio"]
[Result "1/2-1/2"]
[WhiteElo "2347"]
[BlackElo "2251"]
[PlyCount "93"]
[EventDate "2010.11.21"]
[EventType "team"]
[EventRounds "14"]
[EventCountry "ESP"]
[Source "lmi"]
[SourceDate "2010.11.21"]
[WhiteTeam "Virgen de Atocha"]
[BlackTeam "Moratalaz"]
[WhiteTeamCountry "ESP"]
[BlackTeamCountry "ESP"]

1. e4 c6 2. Nf3 d5 3. Nc3 Bg4 4. h3 Bxf3 5. Qxf3 e6 6. d4 Nf6 7. Bg5 Be7 8.
O-O-O Nxe4 9. Bxe7 Qxe7 10. Nxe4 dxe4 11. Qxe4 Nd7 12. Qg4 O-O 13. Bd3 Nf6 14.
Qh4 g6 15. Rhe1 Nd5 16. Qxe7 Nxe7 17. Re5 Rfd8 18. c3 Kg7 19. h4 Nd5 20. g3 Nf6
21. Be2 h5 22. f3 Rd7 23. a4 Rad8 24. g4 Rh8 25. g5 Nd5 26. a5 Rhd8 27. Kc2 a6
28. b4 Kf8 29. Bf1 Kg7 30. Kb3 Kf8 31. Bd3 Kg7 32. Be4 Kf8 33. Rd2 Kg7 34. Bc2
Kf8 35. c4 Ne7 36. Kc3 Rd6 37. Be4 R6d7 38. Bc2 Rd6 39. Re1 Kg7 40. Re3 Kf8 41.
Ree2 Kg7 42. Be4 Kf8 43. Rd3 Kg7 44. Rb2 Kf8 45. Rb1 R6d7 46. Rb2 Kg7 47. Rb1
1/2-1/2

[Event "Liga Madrileña 2010/2011 - D. Honor"]
[Site "Madrid ESP"]
[Date "2010.12.12"]
[Round "3.16"]
[White "Perez de Aranda Alonso, Leonardo"]
[Black "Fraga Castro, Jose Carlos"]
[Result "1/2-1/2"]
[WhiteElo "2161"]
[BlackElo "2212"]
[PlyCount "91"]
[EventDate "2010.11.21"]
[EventType "team"]
[EventRounds "14"]
[EventCountry "ESP"]
[Source "lmi"]
[SourceDate "2010.11.21"]
[WhiteTeam "Virgen de Atocha"]
[BlackTeam "Moratalaz"]
[WhiteTeamCountry "ESP"]
[BlackTeamCountry "ESP"]

1. e4 b6 2. d4 Bb7 3. Nc3 e6 4. Nf3 d6 5. Bd3 Nf6 6. Bg5 Be7 7. Qe2 Nbd7 8. O-O
O-O 9. h3 c5 10. Rfe1 cxd4 11. Nxd4 Nc5 12. Qe3 a6 13. Rad1 Qc7 14. Qg3 Nh5 15.
Qh4 Bxg5 16. Qxg5 Nf6 17. Nb3 h6 18. Qg3 e5 19. Nd2 b5 20. a3 Nh5 21. Qe3 Nxd3
22. cxd3 Nf4 23. d4 f5 24. dxe5 dxe5 25. Nd5 Nxd5 26. exd5 Bxd5 27. Qxe5 Qxe5
28. Rxe5 Rad8 29. Nf1 Bb3 30. Rde1 f4 31. Nh2 Rd2 32. R5e2 Rfd8 33. Nf3 Rd1 34.
h4 Rc8 35. Kh2 Rxe1 36. Nxe1 Kf7 37. Nf3 Kf6 38. Rd2 Rc2 39. Rxc2 Bxc2 40. Kg1
Bd1 41. Ne1 Be2 42. f3 Kg6 43. Kf2 Bc4 44. g4 fxg3+ 45. Kxg3 Kf5 46. Nc2
1/2-1/2

[Event "Liga Madrileña 2010/2011 - D. Honor"]
[Site "Madrid ESP"]
[Date "2010.12.12"]
[Round "3.21"]
[White "Herraiz Hidalgo, Herminio"]
[Black "Gallego Jimenez, Victoriano"]
[Result "0-1"]
[WhiteElo "2494"]
[BlackElo "2398"]
[PlyCount "106"]
[EventDate "2010.11.21"]
[EventType "team"]
[EventRounds "14"]
[EventCountry "ESP"]
[Source "lmi"]
[SourceDate "2010.11.21"]
[WhiteTeam "Vallecas CDV"]
[BlackTeam "La Casa del Ajedrez"]
[WhiteTeamCountry "ESP"]
[BlackTeamCountry "ESP"]

1. d4 Nf6 2. c4 g6 3. Nc3 Bg7 4. e4 d6 5. Be2 O-O 6. Nf3 e5 7. O-O Nc6 8. d5
Ne7 9. Ne1 Nd7 10. Be3 f5 11. f3 f4 12. Bf2 g5 13. Rc1 Rf6 14. Nd3 Rh6 15. c5
Qe8 16. Kh1 Nf6 17. cxd6 cxd6 18. a4 Qh5 19. Bg1 Qg6 20. Nf2 Nh5 21. Nh3 Bxh3
22. gxh3 Ng3+ 23. hxg3 Qh5 24. Rf2 fxg3 25. Rg2 Qxh3+ 26. Bh2 Ng6 27. Qe1 gxh2
28. Rxg5 Bf6 29. Rg4 Rh4 30. Qg3 Qxg3 31. Rxg3 Rc8 32. Bf1 Kf8 33. Rh3 Bg5 34.
Rd1 Bf4 35. Nb5 Ke7 36. Nxa7 Ra8 37. Nb5 Rxa4 38. Nc3 Rb4 39. Rb1 h5 40. Ne2
Rxh3 41. Bxh3 Rb3 42. Bg2 Re3 43. Nxf4 Nxf4 44. Bf1 Rxf3 45. Kxh2 h4 46. Kg1
Rb3 47. Kf2 h3 48. Kg1 Re3 49. Rc1 Kd8 50. Ra1 Rxe4 51. Ra8+ Kc7 52. Rh8 Re1
53. b3 Rb1 0-1

[Event "Liga Madrileña 2010/2011 - D. Honor"]
[Site "Madrid ESP"]
[Date "2010.12.12"]
[Round "3.22"]
[White "Rojo Huerta, Gabriel"]
[Black "Pastor Alonso de Prado, Alberto"]
[Result "1-0"]
[WhiteElo "2375"]
[BlackElo "2176"]
[PlyCount "41"]
[EventDate "2010.11.21"]
[EventType "team"]
[EventRounds "14"]
[EventCountry "ESP"]
[Source "lmi"]
[SourceDate "2010.11.21"]
[WhiteTeam "La Casa del Ajedrez"]
[BlackTeam "Vallecas CDV"]
[WhiteTeamCountry "ESP"]
[BlackTeamCountry "ESP"]

1. d4 d5 2. c4 e6 3. Nf3 Nf6 4. Nc3 Be7 5. Bf4 c5 6. dxc5 Bxc5 7. e3 Nc6 8. a3
O-O 9. Qc2 Qa5 10. Rd1 Be7 11. Be2 Rd8 12. O-O dxc4 13. Bxc4 a6 14. Ne4 Bd7 15.
Nfg5 Nxe4 16. Qxe4 Bxg5 17. b4 Nxb4 18. axb4 Qxb4 19. Bxg5 Bc6 20. Rxd8+ Rxd8
21. Bd5 1-0

[Event "Liga Madrileña 2010/2011 - D. Honor"]
[Site "Madrid ESP"]
[Date "2010.12.12"]
[Round "3.23"]
[White "Montañes Arribas, Adrian"]
[Black "Gemy Vargas, Jose Daniel"]
[Result "1/2-1/2"]
[WhiteElo "2147"]
[BlackElo "2316"]
[PlyCount "76"]
[EventDate "2010.11.21"]
[EventType "team"]
[EventRounds "14"]
[EventCountry "ESP"]
[Source "lmi"]
[SourceDate "2010.11.21"]
[WhiteTeam "Vallecas CDV"]
[BlackTeam "La Casa del Ajedrez"]
[WhiteTeamCountry "ESP"]
[BlackTeamCountry "ESP"]

1. e4 e6 2. d4 d5 3. Nc3 Nf6 4. Bg5 dxe4 5. Nxe4 Nbd7 6. Nf3 Be7 7. Nxf6+ Nxf6
8. Bd3 c5 9. Qe2 Qa5+ 10. Bd2 Qb6 11. O-O-O cxd4 12. Bg5 Bd7 13. Ne5 Bc6 14.
Nxc6 bxc6 15. Bc4 Rb8 16. Bb3 Qb5 17. Qxb5 Rxb5 18. f4 h6 19. Bh4 Rh5 20. Be1
c5 21. c3 dxc3 22. Bxc3 O-O 23. h3 Ne4 24. g4 Nxc3 25. gxh5 Nxd1 26. Rxd1 Bf6
27. Rd7 Bd4 28. Kc2 Be3 29. f5 exf5 30. Bd5 a5 31. Ra7 f4 32. Rxa5 Rd8 33. Ra8
Rxa8 34. Bxa8 Kf8 35. Kd3 Ke7 36. a4 Kd6 37. b3 g5 38. Bf3 f5 1/2-1/2

[Event "Liga Madrileña 2010/2011 - D. Honor"]
[Site "Madrid ESP"]
[Date "2010.12.12"]
[Round "3.24"]
[White "Suarez Uriel, Adrian"]
[Black "Martin Duque, Jesus"]
[Result "0-1"]
[WhiteElo "2215"]
[BlackElo "2115"]
[PlyCount "97"]
[EventDate "2010.11.21"]
[EventType "team"]
[EventRounds "14"]
[EventCountry "ESP"]
[Source "lmi"]
[SourceDate "2010.11.21"]
[WhiteTeam "La Casa del Ajedrez"]
[BlackTeam "Vallecas CDV"]
[WhiteTeamCountry "ESP"]
[BlackTeamCountry "ESP"]

1. e4 c5 2. Nf3 e6 3. d4 cxd4 4. Nxd4 Nc6 5. Nc3 Qc7 6. Be2 a6 7. O-O Nf6 8.
Kh1 d6 9. f4 Be7 10. Bf3 O-O 11. g4 Nxd4 12. Qxd4 Nd7 13. g5 b5 14. a4 Rb8 15.
axb5 axb5 16. b4 Qc4 17. Qxc4 bxc4 18. b5 Nc5 19. Be3 Bb7 20. Bxc5 dxc5 21. Ra4
f6 22. Rxc4 fxg5 23. fxg5 Bxg5 24. Rxc5 Be3 25. Rc7 Bd4 26. Ne2 Be5 27. Rc4 Ba8
28. Bg2 Rfd8 29. Rc5 Bd6 30. Rh5 g6 31. Rg5 Kg7 32. Nd4 Re8 33. c4 h6 34. Rg4
Rbc8 35. Rc1 h5 36. Rh4 Be5 37. Nb3 Red8 38. Rh3 Bb2 39. Rb1 Rxc4 40. Rg1 e5
41. Na5 Ra4 42. Nc6 Bxc6 43. bxc6 Rc4 44. Rb3 Bc3 45. Rb7+ Kh6 46. h3 Rd2 47.
Rf7 Rc2 48. Kh2 Bd4 49. Rgf1 0-1

[Event "Liga Madrileña 2010/2011 - D. Honor"]
[Site "Madrid ESP"]
[Date "2010.12.12"]
[Round "3.25"]
[White "Madurga Lopez, Ignacio"]
[Black "Blanco San Juan, Jorge Raul"]
[Result "1/2-1/2"]
[WhiteElo "1988"]
[BlackElo "2122"]
[PlyCount "93"]
[EventDate "2010.11.21"]
[EventType "team"]
[EventRounds "14"]
[EventCountry "ESP"]
[Source "lmi"]
[SourceDate "2010.11.21"]
[WhiteTeam "Vallecas CDV"]
[BlackTeam "La Casa del Ajedrez"]
[WhiteTeamCountry "ESP"]
[BlackTeamCountry "ESP"]

1. e4 c5 2. Nf3 d6 3. d4 cxd4 4. Nxd4 Nf6 5. Nc3 a6 6. Bc4 e6 7. Bb3 Qc7 8. Be3
Nc6 9. Qe2 Bd7 10. O-O-O Be7 11. g4 Nxd4 12. Rxd4 b5 13. g5 Ng8 14. f4 Rb8 15.
f5 b4 16. fxe6 fxe6 17. Nd1 a5 18. Rf1 a4 19. Bc4 b3 20. cxb3 axb3 21. a3 Rc8
22. Qf2 Bb5 23. Qf7+ Kd8 24. Qxg7 Bxc4 25. Qxh8 Bxf1+ 26. Nc3 Qa5 27. Bd2 Qc5
28. Qxg8+ Kd7 29. Qg7 Rg8 30. Qxg8 Qxd4 31. Qa8 Qd3 32. Qa4+ Kd8 33. Qxb3 Bh3
34. Qb8+ Kd7 35. Qb7+ Ke8 36. Qb5+ Qxb5 37. Nxb5 Bf1 38. Nc3 Bd3 39. b4 Kd7 40.
Kb2 Kc6 41. Be3 Bf8 42. Bd4 d5 43. exd5+ exd5 44. Na2 Kb5 45. Kc3 Bc4 46. Nc1
Ka4 47. Nd3 1/2-1/2

[Event "Liga Madrileña 2010/2011 - D. Honor"]
[Site "Madrid ESP"]
[Date "2010.12.12"]
[Round "3.26"]
[White "Collado Barbas, Laura"]
[Black "Muñoz Sanchez, Daniel"]
[Result "0-1"]
[WhiteElo "2040"]
[BlackElo "1976"]
[PlyCount "122"]
[EventDate "2010.11.21"]
[EventType "team"]
[EventRounds "14"]
[EventCountry "ESP"]
[Source "lmi"]
[SourceDate "2010.11.21"]
[WhiteTeam "La Casa del Ajedrez"]
[BlackTeam "Vallecas CDV"]
[WhiteTeamCountry "ESP"]
[BlackTeamCountry "ESP"]

1. d4 e6 2. c4 Nf6 3. Nc3 Bb4 4. Qc2 Nc6 5. Nf3 d6 6. Bg5 h6 7. Bd2 O-O 8. e4
e5 9. dxe5 dxe5 10. Bd3 Bg4 11. Nd5 Bxd2+ 12. Nxd2 Nd4 13. Qc3 Nd7 14. Ne3 Be6
15. c5 Qe7 16. Rc1 a5 17. b3 a4 18. O-O Ra7 19. Kh1 Rfa8 20. Nd5 Bxd5 21. exd5
axb3 22. axb3 Nf6 23. Bc4 Qxc5 24. b4 Qd6 25. f4 Ra3 26. Qb2 Ng4 27. Ne4 Qg6
28. Nc5 Ne3 29. Rg1 Nxc4 30. Rxc4 Ra2 31. Qb1 Qh5 32. Ne4 Ne2 33. Rf1 Nxf4 34.
Ng3 Qg5 35. Rxc7 Ra1 36. Rc8+ Rxc8 37. Qxa1 Nxd5 38. Qa2 Nf6 39. Qb2 Qe3 40.
Nf5 Qd3 41. Qf2 Rc2 42. Qe1 Qe2 43. Qxe2 Rxe2 44. Nd6 Rb2 45. b5 Kf8 46. Kg1 e4
47. Re1 g6 48. Nxb7 Rxb5 49. Nd6 Re5 50. h3 Ke7 51. Nc4 Re6 52. Kf2 Nh5 53. g4
Nf4 54. Kg3 Nd3 55. Re2 f5 56. gxf5 gxf5 57. Nd2 Kf6 58. Kh2 Kg5 59. Nf3+ exf3
60. Rxe6 f2 61. h4+ Kh5 0-1

[Event "Liga Madrileña 2010/2011 - D. Honor"]
[Site "Madrid ESP"]
[Date "2010.12.12"]
[Round "3.31"]
[White "Valles Moreno, Ivan"]
[Black "Candela Perez, Jose"]
[Result "1-0"]
[WhiteElo "2366"]
[BlackElo "2399"]
[PlyCount "89"]
[EventDate "2010.11.21"]
[EventType "team"]
[EventRounds "14"]
[EventCountry "ESP"]
[Source "lmi"]
[SourceDate "2010.11.21"]
[WhiteTeam "Amigos del Retiro"]
[BlackTeam "Leganes"]
[WhiteTeamCountry "ESP"]
[BlackTeamCountry "ESP"]

1. d4 d5 2. c4 c6 3. Nf3 Nf6 4. e3 e6 5. b3 Bb4+ 6. Nbd2 O-O 7. a3 Be7 8. Bd3
b6 9. O-O Bb7 10. Bb2 Nbd7 11. Ne5 dxc4 12. Nxd7 Nxd7 13. bxc4 c5 14. Qc2 h6
15. Rad1 Qc7 16. Ne4 cxd4 17. exd4 Rac8 18. Qe2 Nf6 19. d5 Ne8 20. dxe6 fxe6
21. Ng3 Bf6 22. Qxe6+ Qf7 23. Qf5 g6 24. Qg4 Kh7 25. Bc1 Bg7 26. Nh5 Nf6 27.
Nxf6+ Qxf6 28. h4 Kh8 29. Bb2 h5 30. Bxf6 hxg4 31. Be7 Rfe8 32. Rfe1 Bc3 33.
Re6 Kg7 34. Bxg6 Rxe7 35. Rxe7+ Kxg6 36. Rxb7 Rxc4 37. Rd5 Bd4 38. Kf1 Bc5 39.
Rc7 Rf4 40. Rc6+ Kf7 41. Rd7+ Ke8 42. Rxa7 Kd8 43. Rg6 Rxf2+ 44. Ke1 Rf4 45.
Rg8+ 1-0